[Event "Jan Macieja Memorial"]
[Site "Warsaw POL"]
[Date "2023.07.10"]
[Round "9.13"]
[White "Kotowicz, Kamil"]
[Black "Orzech, Dominik"]
[Result "0-1"]
[WhiteElo "1726"]
[BlackElo "2256"]
[EventDate "2023.07.10"]
[PlyCount "78"]

1.d4 Nf6 2.c4 c5 3.d5 e6 4.Nc3 exd5 5.cxd5 d6 6.e4 g6 7.Be2 Bg7 8.Nf3 O-O 9.Nd2 
a6 10.a4 Re8 11.f3 Nbd7 12.a5 Ne5 13.O-O Rb8 14.Nc4 Nxc4 15.Bxc4 Nd7 16.Qc2 b5 
17.axb6 Rxb6 18.Bf4 Ne5 19.Bxe5 Bxe5 20.Qe2 Qh4 21.g3 Qh3 22.Rfb1 h5 23.Qg2 Qd7 
24.Qe2 Qb7 25.Bd3 Kg7 26.Kg2 h4 27.f4 Bd4 28.g4 h3+ 29.Kxh3 f5 30.Kg3 fxg4 
31.Qd2 Rh8 32.Kg2 Rh3 33.Ne2 Bxb2 34.Ra2 Bf6 35.Rxb6 Qxb6 36.Ng1 Rh8 37.Qa5 Qb3 
38.Qa3 Qd1 39.Qb2 Bxb2 0-1

[Event "Jan Macieja Memorial"]
[Site "Warsaw POL"]
[Date "2023.07.10"]
[Round "9.14"]
[White "Koziorowicz, Michal"]
[Black "Golecki, Jan"]
[Result "1-0"]
[WhiteElo "2253"]
[BlackElo "2122"]
[EventDate "2023.07.10"]
[PlyCount "99"]

1.e4 d6 2.d4 Nf6 3.Nc3 Nbd7 4.Nf3 e5 5.Bc4 Be7 6.O-O c6 7.a4 a5 8.h3 Qc7 9.Be3 
h6 10.Qb1 g5 11.Qa2 Rh7 12.Rad1 Nb6 13.Bb3 g4 14.dxe5 gxf3 15.exf6 Bxf6 16.Bxb6 
Qxb6 17.Rxd6 Be5 18.Rd3 fxg2 19.Rfd1 Rg7 20.Ne2 Qc7 21.Ng3 Bxh3 22.Kh2 Bg4 
23.Rg1 h5 24.Kxg2 h4 25.Rh1 Rg8 26.Rxh4 Be2 27.Rh7 Bxd3 28.Bxf7+ Kf8 29.Bxg8 
Bxe4+ 30.Nxe4 Bg7 31.Ng5 Re8 32.Ne6+ Rxe6 33.Qxe6 Qf4 34.Qf7+ Qxf7 35.Bxf7 Kxf7 
36.Kf3 Kg6 37.Rxg7+ Kxg7 38.Ke4 Kf6 39.f4 Ke6 40.f5+ Kf6 41.Kf4 b5 42.b3 bxa4 
43.bxa4 c5 44.c4 Kf7 45.Ke5 Ke7 46.Kd5 Kf6 47.Kxc5 Kxf5 48.Kb6 Ke6 49.c5 Kd7 
50.Kb7 1-0

[Event "Jan Macieja Memorial"]
[Site "Warsaw POL"]
[Date "2023.07.10"]
[Round "9.15"]
[White "Kiolbasa, Oliwia"]
[Black "Jedrusik, Adam"]
[Result "1-0"]
[WhiteElo "2269"]
[BlackElo "2023"]
[EventDate "2023.07.10"]
[PlyCount "65"]

1.e4 c6 2.d4 d5 3.e5 Bf5 4.h4 Qb6 5.g4 Bd7 6.Nc3 h5 7.gxh5 Bf5 8.Na4 Qa5+ 9.c3 
e6 10.b4 Qc7 11.Nh3 Nd7 12.Nf4 Nh6 13.Be2 a5 14.a3 b5 15.Nc5 axb4 16.cxb4 Nxc5 
17.bxc5 Be7 18.Bd2 Ra4 19.Be3 Qa7 20.Rg1 O-O 21.Nxd5 Kh8 22.Nxe7 Qxe7 23.Qd2 
Ng8 24.h6 g6 25.Bg5 Qa7 26.h5 Rxa3 27.Rxa3 Qxa3 28.hxg6 Bxg6 29.Kf1 Qb3 30.Kg2 
Qd5+ 31.Kh2 Qd7 32.Qf4 Ne7 33.Qf6+ 1-0

[Event "Jan Macieja Memorial"]
[Site "Warsaw POL"]
[Date "2023.07.10"]
[Round "9.16"]
[White "Kultiyasov, Mikhail"]
[Black "Tomczak, Jacek"]
[Result "0-1"]
[WhiteElo "2104"]
[BlackElo "2562"]
[EventDate "2023.07.10"]
[PlyCount "68"]

1.e4 e6 2.d4 d5 3.Nd2 Be7 4.Ngf3 Nf6 5.e5 Nfd7 6.c4 c5 7.dxc5 Nc6 8.cxd5 exd5 
9.Bb5 O-O 10.Qe2 Nxc5 11.O-O d4 12.Ne4 Ne6 13.Bd3 Nb4 14.Bb1 b6 15.Rd1 Ba6 
16.Qe1 Rc8 17.Be3 d3 18.a3 Nc2 19.Bxc2 Rxc2 20.b4 Qd5 21.Nc3 Qb3 22.Bd2 Bb7 
23.Rab1 Qc4 24.Qe3 Rd8 25.Rbc1 h6 26.h3 Qb3 27.Rb1 Qxa3 28.Nb5 Qa4 29.Nd6 Bxd6 
30.exd6 Rxd6 31.Ne5 Qb5 32.Qg3 Nd4 33.Kh2 Ne2 34.Qg4 Qxe5+ 0-1

[Event "Jan Macieja Memorial"]
[Site "Warsaw POL"]
[Date "2023.07.10"]
[Round "9.17"]
[White "Smetek, Michal"]
[Black "Socko, Monika"]
[Result "1/2-1/2"]
[WhiteElo "2036"]
[BlackElo "2326"]
[EventDate "2023.07.10"]
[PlyCount "96"]

1.d4 Nf6 2.c4 e6 3.g3 d5 4.Nf3 dxc4 5.Bg2 Nbd7 6.Qa4 a6 7.Qxc4 c5 8.O-O b5 
9.Qc2 Bb7 10.dxc5 Bxc5 11.Nc3 O-O 12.a3 Rc8 13.Bg5 Qb6 14.Bxf6 Nxf6 15.e3 Nd5 
16.Nxd5 Bxd5 17.Rac1 Qb7 18.Qe2 h6 19.Nh4 Be7 20.Bxd5 Qxd5 21.Nf3 Bf6 22.Rfd1 
Qb3 23.Nd4 Bxd4 24.Rxc8 Rxc8 25.Rxd4 Qa2 26.Qd2 Qb1+ 27.Kg2 Kh7 28.Qd3+ Qxd3 
29.Rxd3 Rc2 30.Rd6 a5 31.b3 Rc3 32.Ra6 Rxb3 33.Rxa5 Kg6 34.Kf3 Kf6 35.a4 b4 
36.Rb5 Rb2 37.a5 g5 38.h3 h5 39.a6 Ra2 40.Rxb4 Rxa6 41.h4 g4+ 42.Kg2 Ra5 
43.Rf4+ Kg6 44.Rb4 Ra2 45.Rd4 e5 46.Rd6+ f6 47.Rc6 Rd2 48.Rb6 Rc2 1/2-1/2

[Event "Jan Macieja Memorial"]
[Site "Warsaw POL"]
[Date "2023.07.10"]
[Round "9.18"]
[White "Czerwonski, Aleksander"]
[Black "Rekuc, Patryk"]
[Result "1-0"]
[WhiteElo "2242"]
[BlackElo "2108"]
[EventDate "2023.07.10"]
[PlyCount "83"]

1.d4 Nf6 2.c4 g6 3.Nc3 Bg7 4.e4 d6 5.f3 O-O 6.Be3 a6 7.Qd2 c6 8.Bd3 Qa5 9.Nge2 
c5 10.O-O Nc6 11.dxc5 dxc5 12.Nd5 Qxd2 13.Bxd2 Nxd5 14.cxd5 Ne5 15.Nc1 Bd7 
16.Be2 f5 17.f4 Ng4 18.e5 b6 19.h3 Nh6 20.Bc3 Rfd8 21.Nb3 Bc8 22.Bf3 Bb7 
23.Rfd1 Nf7 24.a4 Rac8 25.Rac1 Rc7 26.Be1 Nh6 27.a5 Rcd7 28.axb6 Bxd5 29.Nxc5 
Bxf3 30.Rxd7 Rxd7 31.Nxd7 Be4 32.Nc5 Bd5 33.b7 Bxb7 34.Nxb7 g5 35.g3 gxf4 
36.gxf4 Kf7 37.Nd8+ Kg6 38.Ne6 Nf7 39.Rc6 h6 40.Ng5+ Nd6 41.exd6 Bd4+ 42.Bf2 1-0

[Event "Jan Macieja Memorial"]
[Site "Warsaw POL"]
[Date "2023.07.10"]
[Round "9.19"]
[White "Bartel, Marta"]
[Black "Malicka, Maria"]
[Result "0-1"]
[WhiteElo "1985"]
[BlackElo "2168"]
[EventDate "2023.07.10"]
[PlyCount "67"]

1.d4 Nf6 2.Nf3 g6 3.c4 Bg7 4.Nc3 d5 5.Bg5 Ne4 6.Bh4 Nxc3 7.bxc3 dxc4 8.e3 c5 
9.Bxc4 O-O 10.O-O Nd7 11.Qe2 Nf6 12.Rfd1 Qc7 13.h3 Ne4 14.Rac1 a6 15.Bd3 Nd6 
16.c4 Rd8 17.d5 Qa5 18.Bxe7 Rd7 19.Bh4 b5 20.cxb5 axb5 21.Rxc5 Qxa2 22.Qxa2 
Rxa2 23.Bxb5 Rb7 24.Bc6 Rbb2 25.Nd4 Ne4 26.Bb5 Nxc5 27.Rc1 Bf8 28.Bc6 Ba6 
29.Bf6 Nd3 30.Rd1 Rxf2 31.d6 Rxf6 32.d7 Be7 33.Nb3 Rff2 34.Nc1 0-1

[Event "Jan Macieja Memorial"]
[Site "Warsaw POL"]
[Date "2023.07.10"]
[Round "9.20"]
[White "Fistek, Dariusz"]
[Black "Nesterenko, Kyrylo"]
[Result "0-1"]
[WhiteElo "2159"]
[BlackElo "1941"]
[EventDate "2023.07.10"]
[PlyCount "73"]

1.d4 Nf6 2.c4 c5 3.d5 e6 4.Nc3 exd5 5.cxd5 d6 6.Nf3 g6 7.g3 Bg7 8.Bg2 O-O 9.O-O 
a6 10.a4 Re8 11.Nd2 Nbd7 12.h3 Nh5 13.Nc4 Ne5 14.Nxe5 Bxe5 15.e4 Bd7 16.a5 Rb8 
17.f4 Bg7 18.g4 Nf6 19.Re1 Bb5 20.e5 dxe5 21.fxe5 Nd7 22.e6 Bd4+ 23.Kh1 fxe6 
24.dxe6 Ne5 25.Bf4 Nd3 26.Qd2 Nxe1 27.Rxe1 Bxc3 28.Qxc3 Rc8 29.Qg3 Qd4 30.Be5 
Qd3 31.Qh4 Rxe6 32.Qh6 Re7 33.Bc3 Rxe1+ 34.Bxe1 Qd1 35.Qe3 Re8 36.Qb3+ c4 
37.Qxd1 0-1

[Event "Jan Macieja Memorial"]
[Site "Warsaw POL"]
[Date "2023.07.10"]
[Round "9.21"]
[White "Ochedzan, Tymon"]
[Black "Kaminski, Maciej"]
[Result "1-0"]
[WhiteElo "2149"]
[BlackElo "1905"]
[EventDate "2023.07.10"]
[PlyCount "147"]

1.e4 Nf6 2.e5 Nd5 3.Nc3 Nxc3 4.dxc3 d6 5.Bf4 Nc6 6.Bb5 Bd7 7.Qe2 e6 8.O-O-O a6 
9.Bd3 dxe5 10.Bxe5 Nxe5 11.Qxe5 h6 12.f4 Rc8 13.Nf3 Qf6 14.Be4 Bc6 15.Bxc6+ 
bxc6 16.Qe4 Bd6 17.Qxc6+ Ke7 18.g3 Rhd8 19.Nd4 Kf8 20.Kb1 a5 21.Qe4 Kg8 22.Nc6 
Re8 23.Rd3 Ra8 24.a4 Bc5 25.Rhd1 Bb6 26.Ne5 Rad8 27.g4 Rxd3 28.cxd3 Qh4 29.Qg2 
Qf2 30.Qxf2 Bxf2 31.d4 c5 32.Nd3 Be3 33.Re1 cxd4 34.cxd4 Bxd4 35.Re4 Bf6 36.Ne5 
Bxe5 37.Rxe5 Ra8 38.Kc2 Kf8 39.Kc3 Ke7 40.Kc4 Rb8 41.Rb5 Rc8+ 42.Kd3 Rd8+ 
43.Ke3 Ra8 44.h4 Ra7 45.g5 hxg5 46.hxg5 f6 47.Ke4 Kd6 48.Rb6+ Ke7 49.gxf6+ gxf6 
50.Kd4 Kf7 51.Kc4 Re7 52.Rb5 Rc7+ 53.Rc5 Rb7 54.Rb5 Rc7+ 55.Kd4 Ra7 56.Rb6 Rd7+ 
57.Kc4 e5 58.fxe5 fxe5 59.Rb5 Rd4+ 60.Kb3 Kf6 61.Rxa5 Kf5 62.Kc3 Rd8 63.b4 Kf4 
64.Ra7 Ke3 65.Re7 Rc8+ 66.Kb3 e4 67.a5 Kd3 68.Ka4 Rc1 69.Kb5 e3 70.a6 Ra1 71.a7 
e2 72.Kb6 Kc4 73.Rxe2 Kxb4 74.Re8 1-0

[Event "Jan Macieja Memorial"]
[Site "Warsaw POL"]
[Date "2023.07.10"]
[Round "9.22"]
[White "Cukrowski, Filip"]
[Black "Krogulski, Maksymilian"]
[Result "1/2-1/2"]
[WhiteElo "2258"]
[BlackElo "1750"]
[EventDate "2023.07.10"]
[PlyCount "125"]

1.d4 d5 2.c4 c6 3.Nc3 e6 4.Nf3 dxc4 5.a4 Bb4 6.g3 Nf6 7.Bg2 O-O 8.O-O Nbd7 
9.Nd2 Bxc3 10.bxc3 Nd5 11.Qc2 Qa5 12.Nxc4 Qxc3 13.Qxc3 Nxc3 14.Re1 Nd5 15.Ba3 
Rd8 16.e4 N5b6 17.Nb2 Nf6 18.a5 Nbd7 19.Bd6 h6 20.Nc4 Nf8 21.Red1 Ne8 22.Be7 
Rd7 23.Bc5 Nf6 24.Rab1 Rd8 25.Nd6 N8d7 26.Nxc8 Nxc5 27.Ne7+ Kf8 28.e5 Nfd7 
29.dxc5 Nxc5 30.Nxc6 bxc6 31.Bxc6 Rxd1+ 32.Rxd1 Rc8 33.Bf3 Nb3 34.a6 Rc1 
35.Rxc1 Nxc1 36.Bc6 Nd3 37.f4 Nb4 38.Bb5 Ke7 39.Kf2 Kd8 40.Ke3 Kc7 41.Kd4 Kb6 
42.Be8 Nc2+ 43.Ke4 f5+ 44.exf6 gxf6 45.Bd7 e5 46.fxe5 fxe5 47.Kxe5 Ne3 48.h4 
Kxa6 49.Kf6 Kb6 50.Kg6 Kc5 51.Kxh6 Kd6 52.Bc8 Ke7 53.g4 Kf7 54.Kh7 Ng2 55.h5 a5 
56.g5 Nf4 57.g6+ Ke7 58.g7 Nxh5 59.g8=N+ Kd6 60.Bf5 Nf4 61.Bb1 Nd5 62.Ba2 Kc5 
63.Kg6 1/2-1/2

[Event "Jan Macieja Memorial"]
[Site "Warsaw POL"]
[Date "2023.07.10"]
[Round "9.23"]
[White "Bartel, Michal"]
[Black "Adamczyk, Zuzanna"]
[Result "1-0"]
[WhiteElo "2282"]
[BlackElo "1983"]
[EventDate "2023.07.10"]
[PlyCount "103"]

1.e4 c5 2.Ne2 Nc6 3.g3 g6 4.Bg2 Bg7 5.c3 e5 6.d3 Nge7 7.Be3 d6 8.O-O O-O 9.Nd2 
Be6 10.f4 Qd7 11.Nf3 b6 12.Ng5 Rac8 13.Nxe6 fxe6 14.d4 cxd4 15.cxd4 exd4 
16.Nxd4 Nxd4 17.Bxd4 e5 18.Bxe5 Bxe5 19.fxe5 Rxf1+ 20.Qxf1 dxe5 21.Rd1 Qc7 
22.Bh3 Rf8 23.Qe2 Qc5+ 24.Kg2 Nc6 25.Rd5 Qe7 26.Rd1 Nd4 27.Qc4+ Qf7 28.Qxf7+ 
Kxf7 29.Rc1 Re8 30.Rc7+ Re7 31.Rc8 Re8 32.Rc3 Re7 33.Bg4 h5 34.Bd1 Kf6 35.h4 
Re6 36.Rc8 Rc6 37.Ra8 a5 38.Ra7 Rc1 39.Ba4 Rb1 40.b3 Rb2+ 41.Kf1 Rxa2 42.Ra6 
Ra1+ 43.Kf2 Ra2+ 44.Ke1 Rg2 45.Rxb6+ Kg7 46.Ra6 Rxg3 47.Rxa5 Rg4 48.Ra7+ Kh6 
49.b4 Rxe4+ 50.Kd2 Rxh4 51.Be8 g5 52.b5 1-0

[Event "Jan Macieja Memorial"]
[Site "Warsaw POL"]
[Date "2023.07.10"]
[Round "9.24"]
[White "Paprocki, Antoni"]
[Black "Mickiewicz, Piotr"]
[Result "1/2-1/2"]
[WhiteElo "1978"]
[BlackElo "2224"]
[EventDate "2023.07.10"]
[PlyCount "112"]

1.g3 Nf6 2.Bg2 e5 3.c4 d5 4.cxd5 Nxd5 5.Nc3 Nb6 6.Nf3 Nc6 7.O-O Be7 8.a3 O-O 
9.b4 Re8 10.Bb2 Bf8 11.Rc1 Bg4 12.Ne4 a5 13.Rxc6 Bxf3 14.Bxf3 bxc6 15.Qb3 axb4 
16.axb4 Nd5 17.b5 cxb5 18.Rc1 Rb8 19.Nc5 c6 20.Ne4 Rb6 21.d4 exd4 22.Bxd4 Ra6 
23.Bb2 Qd7 24.Rd1 Qa7 25.Nc3 Nxc3 26.Qxc3 c5 27.Bd5 c4 28.Qf3 Ra2 29.Bd4 Qc7 
30.e4 Ra3 31.Qg4 Qc8 32.Qf4 Qd7 33.Rb1 Qe7 34.Rxb5 Rd3 35.Ba1 Rd1+ 36.Kg2 Rxa1 
37.Rb7 Qf6 38.Bxf7+ Kh8 39.Qxf6 gxf6 40.Bxe8 c3 41.Rc7 Ra3 42.Bf7 Bd6 43.Rc6 
Be5 44.Bd5 Kg7 45.g4 Ra1 46.h4 Rc1 47.Rc8 h5 48.g5 fxg5 49.hxg5 Kh7 50.Bf7 Bf4 
51.g6+ Kg7 52.Rg8+ Kf6 53.Rc8 c2 54.Bb3 h4 55.Rxc2 Rb1 56.Bd5 Kxg6 1/2-1/2

[Event "Jan Macieja Memorial"]
[Site "Warsaw POL"]
[Date "2023.07.10"]
[Round "9.26"]
[White "Ladan, Nicholas"]
[Black "Korbal, Arkadiusz"]
[Result "1-0"]
[WhiteElo "2162"]
[BlackElo "1956"]
[EventDate "2023.07.10"]
[PlyCount "53"]

1.e3 d5 2.Nc3 Nf6 3.Nf3 Bf5 4.Bd3 Bg6 5.O-O e6 6.Ne5 Nbd7 7.f4 Bd6 8.Nxg6 hxg6 
9.Nb5 Be7 10.c4 c6 11.Nd4 Nc5 12.Be2 a5 13.cxd5 exd5 14.b3 Qc7 15.Bb2 Nce4 
16.Rc1 Qd7 17.Nf3 Bd6 18.Ne5 Qe6 19.d3 Nc5 20.Qd2 Ncd7 21.Nf3 Ng4 22.e4 dxe4 
23.Nd4 e3 24.Qe1 Qd5 25.Bxg4 Nf6 26.Qxe3+ Kd8 27.Bf3 1-0

[Event "Jan Macieja Memorial"]
[Site "Warsaw POL"]
[Date "2023.07.10"]
[Round "9.27"]
[White "Niezhentsev, Kyrylo"]
[Black "Majek, Kacper"]
[Result "1-0"]
[WhiteElo "2151"]
[BlackElo "1950"]
[EventDate "2023.07.10"]
[PlyCount "75"]

1.e4 e5 2.Nf3 Nc6 3.Bb5 a6 4.Ba4 Nf6 5.O-O Nxe4 6.d4 b5 7.Bb3 d5 8.dxe5 Be6 
9.c3 Be7 10.Nbd2 O-O 11.Bc2 f5 12.exf6 Nxf6 13.Ng5 Bd7 14.Re1 Qc8 15.Qe2 Bc5 
16.Nb3 Bb6 17.Be3 Re8 18.Qf3 Bxe3 19.Rxe3 h6 20.Bh7+ Nxh7 21.Qxd5+ Be6 22.Nxe6 
Ne7 23.Qe5 Nf6 24.Nbc5 Ng6 25.Qg3 Kh7 26.Rd1 Nh5 27.Qg4 Nf6 28.Qf5 Re7 29.Rg3 
Qe8 30.h4 h5 31.Rg5 Rb8 32.Rd5 Rb6 33.Rxh5+ Nxh5 34.Qxh5+ Kg8 35.Rd8 Rbxe6 
36.Nxe6 Rxe6 37.Rxe8+ Rxe8 38.Qxg6 1-0

[Event "Jan Macieja Memorial"]
[Site "Warsaw POL"]
[Date "2023.07.10"]
[Round "9.28"]
[White "Tsiapko, Andrii"]
[Black "Dzida, Kamil"]
[Result "1-0"]
[WhiteElo "1903"]
[BlackElo "2139"]
[EventDate "2023.07.10"]
[PlyCount "97"]

1.d4 Nf6 2.Nf3 e6 3.c4 b6 4.g3 Ba6 5.b3 Bb4+ 6.Bd2 Be7 7.Bg2 c6 8.Bc3 d5 9.Ne5 
Nfd7 10.Nxd7 Nxd7 11.Nd2 O-O 12.O-O f5 13.Bb2 Rc8 14.Rc1 Bb7 15.Nf3 Bf6 16.Ne5 
Nxe5 17.dxe5 Be7 18.Qd2 dxc4 19.Qc3 Ba6 20.Rfd1 Qc7 21.bxc4 Rfd8 22.Rd3 Rxd3 
23.exd3 Bb7 24.d4 Qd7 25.Rd1 Rd8 26.Bf3 Bf8 27.Ba3 Qf7 28.Bxf8 Qxf8 29.a4 f4 
30.Be4 Qf7 31.a5 Rf8 32.Qc2 Qh5 33.f3 Qg5 34.Kg2 h5 35.a6 Bxa6 36.Bxc6 h4 37.g4 
h3+ 38.Kg1 Rc8 39.Bd7 Rd8 40.Bxe6+ Kh8 41.d5 Qe7 42.Bf5 Qc5+ 43.Qf2 Qxf2+ 
44.Kxf2 Bxc4 45.d6 a5 46.e6 g6 47.e7 Rg8 48.d7 gxf5 49.d8=Q 1-0

[Event "Jan Macieja Memorial"]
[Site "Warsaw POL"]
[Date "2023.07.10"]
[Round "9.29"]
[White "Siekanska, Maria"]
[Black "Kaliszuk, Kamil"]
[Result "1/2-1/2"]
[WhiteElo "1902"]
[BlackElo "2134"]
[EventDate "2023.07.10"]
[PlyCount "140"]

1.d4 d5 2.c4 e6 3.Nc3 c6 4.Nf3 dxc4 5.a4 Bb4 6.g3 Nf6 7.Bg2 O-O 8.O-O Nbd7 
9.Qc2 b6 10.Nd2 Bb7 11.Nxc4 Rc8 12.Rd1 Qe7 13.Na2 Nd5 14.Nxb4 Nxb4 15.Qb3 Nf6 
16.Bf4 Rfd8 17.Rac1 Nbd5 18.Be5 Ng4 19.e4 Nc7 20.Bf4 Na6 21.e5 Rc7 22.h3 Nh6 
23.Bxh6 gxh6 24.Nd6 Rxd6 25.exd6 Qxd6 26.Qe3 Kg7 27.Qe5+ Qxe5 28.dxe5 Nc5 
29.Rd6 Nxa4 30.Bxc6 Nxb2 31.Rc2 Bxc6 32.Rdxc6 Rxc6 33.Rxc6 Nd3 34.f4 Nc5 35.Kf2 
h5 36.Ke3 Kg6 37.g4 hxg4 38.hxg4 h5 39.gxh5+ Kxh5 40.Rc7 Kg6 41.Rxa7 f6 42.Kd4 
Nb3+ 43.Kc3 Nc5 44.exf6 Kxf6 45.Kd4 Nb3+ 46.Ke3 Nc5 47.Ra8 Ke7 48.Rb8 Nd7 
49.Rb7 Kd6 50.Kd4 Kc6 51.Ra7 Kd6 52.Ra6 Kc6 53.Ra1 Kd6 54.Re1 Nf6 55.Rb1 Nd5 
56.Rf1 b5 57.f5 e5+ 58.Kd3 Nf4+ 59.Ke4 Ne2 60.Re1 Ng3+ 61.Kd3 Nxf5 62.Rb1 Nd4 
63.Rb4 Kc5 64.Rb1 Kd5 65.Rb4 e4+ 66.Kd2 Kc5 67.Rb1 Kc4 68.Ke3 Nc2+ 69.Kxe4 b4 
70.Rxb4+ Kxb4 1/2-1/2

[Event "Jan Macieja Memorial"]
[Site "Warsaw POL"]
[Date "2023.07.10"]
[Round "9.30"]
[White "Kovalevsky, Stanislav"]
[Black "Babiarz, Arkadiusz"]
[Result "0-1"]
[WhiteElo "2133"]
[BlackElo "1895"]
[EventDate "2023.07.10"]
[PlyCount "100"]

1.c4 e6 2.e4 c5 3.Nc3 Nc6 4.g3 Nd4 5.Bg2 Ne7 6.Nge2 Nec6 7.Nxd4 Nxd4 8.Ne2 Qc7 
9.O-O Be7 10.Nxd4 cxd4 11.d3 b6 12.Qg4 g6 13.Bh6 Bb7 14.Bg7 Rg8 15.Bxd4 h5 
16.Qe2 h4 17.a4 hxg3 18.fxg3 Bc5 19.Qf2 Bxd4 20.Qxd4 f5 21.Qf6 Qc5+ 22.Kh1 Qe7 
23.Qxe7+ Kxe7 24.exf5 Bxg2+ 25.Kxg2 gxf5 26.a5 Rab8 27.Rf2 Rg4 28.axb6 axb6 
29.Kf3 b5 30.b3 bxc4 31.bxc4 Rb3 32.Ke3 Rxc4 33.Rb1 Re4+ 34.Kd2 Rxb1 35.dxe4 
fxe4 36.Ke3 Re1+ 37.Kd4 d5 38.Ra2 Kf6 39.h4 Rd1+ 40.Ke3 Ke5 41.Ra5 Kf5 42.Ra8 
d4+ 43.Kf2 e3+ 44.Kf3 Rf1+ 45.Ke2 Rf2+ 46.Kd3 e5 47.Rf8+ Kg4 48.Rxf2 exf2 
49.Ke2 Kxg3 50.h5 Kg2 0-1

[Event "Jan Macieja Memorial"]
[Site "Warsaw POL"]
[Date "2023.07.10"]
[Round "9.31"]
[White "Zubova, Mariya"]
[Black "Lecki, Leonard"]
[Result "1-0"]
[WhiteElo "2116"]
[BlackElo "1879"]
[EventDate "2023.07.10"]
[PlyCount "75"]

1.e4 c5 2.Nf3 e6 3.g3 Nc6 4.Bg2 g6 5.O-O Bg7 6.c3 Nge7 7.Qe2 O-O 8.Rd1 d5 9.e5 
c4 10.b3 b5 11.a4 cxb3 12.axb5 Na5 13.Ba3 Re8 14.d3 Qb6 15.Bb4 Nb7 16.d4 Bd7 
17.Qb2 Bxb5 18.Nbd2 a5 19.Bxe7 Rxe7 20.Qxb3 Qc6 21.Rdb1 Ba6 22.Ne1 Bh6 23.Qa3 
Rc7 24.Nb3 Bc4 25.f4 a4 26.Nd2 Na5 27.Qxa4 Qxa4 28.Rxa4 Rca7 29.Rba1 Nc6 
30.Rxa7 Rxa7 31.Rb1 Ra2 32.Nxc4 dxc4 33.Bxc6 g5 34.fxg5 Bxg5 35.Bb5 Be3+ 36.Kh1 
Rf2 37.Bxc4 Rf1+ 38.Bxf1 1-0

[Event "Jan Macieja Memorial"]
[Site "Warsaw POL"]
[Date "2023.07.10"]
[Round "9.32"]
[White "Szewczak, Andrzej"]
[Black "Redzisz, Michal"]
[Result "0-1"]
[WhiteElo "1843"]
[BlackElo "2103"]
[EventDate "2023.07.10"]
[PlyCount "124"]

1.b4 Nf6 2.Bb2 g6 3.e4 d6 4.Nf3 Bg7 5.d4 Nxe4 6.Bc4 O-O 7.O-O d5 8.Bb3 c6 9.a3 
a5 10.Nbd2 Bg4 11.h3 Nxd2 12.Qxd2 Bxf3 13.gxf3 a4 14.Ba2 Nd7 15.c4 dxc4 16.Bxc4 
Nb6 17.Ba2 Qd7 18.Kg2 e5 19.Rad1 Rad8 20.d5 Nxd5 21.Bxd5 cxd5 22.f4 d4 23.fxe5 
Bxe5 24.f4 Qd5+ 25.Kg1 Bf6 26.Qd3 Rfe8 27.f5 g5 28.Rf3 Re4 29.Bc1 Rde8 30.Rdf1 
Re1 31.Bd2 Rxf1+ 32.Kxf1 Qe4 33.Qxe4 Rxe4 34.Rg3 h6 35.Kf2 Kf8 36.Kf3 Re5 
37.Kg4 Re4+ 38.Kf3 Re5 39.Kg4 Re2 40.Rd3 Kg7 41.Kf3 Re8 42.Bc1 Re5 43.Kg4 Re1 
44.Bb2 Re4+ 45.Kg3 Rf4 46.Rf3 Rxf3+ 47.Kxf3 h5 48.Ke4 Kf8 49.Kd5 Ke7 50.b5 Kd7 
51.Bc1 g4 52.hxg4 hxg4 53.Bf4 d3 54.Ke4 g3 55.Kxd3 g2 56.Be3 Kd6 57.Ke4 Bb2 
58.Kf3 Bxa3 59.Kxg2 Ke5 60.f6 Bb2 61.Bc5 a3 62.Kf3 a2 0-1

[Event "Jan Macieja Memorial"]
[Site "Warsaw POL"]
[Date "2023.07.10"]
[Round "9.33"]
[White "Chmiel, Marcin"]
[Black "Celinski, Kamil"]
[Result "0-1"]
[WhiteElo "2084"]
[BlackElo "1855"]
[EventDate "2023.07.10"]
[PlyCount "192"]

1.c4 c5 2.g3 Nc6 3.Bg2 g6 4.Nc3 Bg7 5.Nf3 e5 6.a3 Nge7 7.b4 cxb4 8.axb4 Nxb4 
9.Ba3 Nbc6 10.Nb5 O-O 11.Bd6 e4 12.Ng5 Qb6 13.Rb1 Qa5 14.Nxe4 a6 15.Bc7 Qa2 
16.Nbd6 b5 17.cxb5 axb5 18.Nxb5 d5 19.Nec3 Qc4 20.O-O Ba6 21.d3 Qg4 22.Nxd5 
Nxd5 23.Bxd5 Qd7 24.Qb3 Bxb5 25.Qxb5 Qxc7 26.Qxc6 Qe5 27.Qxa8 Rxa8 28.Bxa8 Qxe2 
29.Be4 h5 30.Rb7 Bd4 31.h4 f6 32.Bd5+ Kf8 33.Rb4 Bc5 34.Rf4 Ke7 35.Be4 f5 
36.Bf3 Qxd3 37.Re1+ Kf6 38.Re2 Bd6 39.Kg2 Bxf4 40.gxf4 Qd6 41.Kg3 Qa3 42.Re3 
Qa1 43.Kg2 Qd4 44.Kg3 Qa1 45.Kg2 Qd4 46.Kg3 Qd8 47.Re5 Kg7 48.Bd5 Qc7 49.Re6 
Qc3+ 50.Re3 Qd4 51.Re7+ Kh6 52.Bg8 Qc3+ 53.Kg2 Qc6+ 54.Kg3 Qc3+ 55.f3 Qh8 
56.Bd5 Qf8 57.Rf7 Qd6 58.Bb3 Qd3 59.Be6 Qe2 60.Re7 Qe1+ 61.Kh3 Qh1+ 62.Kg3 Qg1+ 
63.Kh3 Qf2 64.Bd5 Qd4 65.Bg8 Qh8 66.Re8 Qc3 67.Kg3 Kg7 68.Bd5 Qd4 69.Re7+ Kh6 
70.Bg8 Qh8 71.Bd5 Qf8 72.Rd7 Qe8 73.Rd6 Qe1+ 74.Kh3 Qf1+ 75.Kg3 Qg1+ 76.Kh3 Qc5 
77.Rd7 Qc3 78.Kg3 Qe1+ 79.Kh3 Qe8 80.Rd6 Qe7 81.Re6 Qd7 82.Bc4 Qd4 83.Rc6 Qc3 
84.Bd5 Qd4 85.Kg3 Qxd5 86.Rc2 Qd1 87.Rg2 Kg7 88.Rf2 Kf6 89.Rg2 Qe1+ 90.Kh3 Ke6 
91.Rxg6+ Kd5 92.Rg5 Kd4 93.Rxf5 Qf2 94.Re5 Qxf3+ 95.Kh2 Qxf4+ 96.Kh3 Qxe5 0-1

[Event "Jan Macieja Memorial"]
[Site "Warsaw POL"]
[Date "2023.07.10"]
[Round "9.34"]
[White "Mulawa, Cyprian"]
[Black "Siekanska, Zuzanna"]
[Result "1-0"]
[WhiteElo "2081"]
[BlackElo "1715"]
[EventDate "2023.07.10"]
[PlyCount "77"]

1.Nf3 d5 2.d4 e6 3.c4 Nf6 4.g3 dxc4 5.Qa4+ Bd7 6.Qxc4 Nc6 7.Bg2 Bd6 8.O-O O-O 
9.Nc3 Na5 10.Qd3 Bc6 11.e4 Be7 12.Ne5 Nd7 13.Nxc6 Nxc6 14.Rd1 Nb4 15.Qb1 Qc8 
16.a3 Na6 17.b4 c6 18.Be3 Nb6 19.Qb3 Nc7 20.a4 a6 21.Rac1 Qe8 22.d5 Nd7 23.d6 
Bxd6 24.Rxd6 Ne5 25.Rcd1 Ng4 26.Bb6 Qc8 27.Rd7 Nd5 28.exd5 Qxd7 29.dxc6 Qe7 
30.cxb7 Rab8 31.h3 Ne5 32.Bc5 Qf6 33.Ne4 Qf5 34.Bxf8 Rxf8 35.Qc3 h5 36.Qc8 Nf3+ 
37.Bxf3 Qxf3 38.Qxf8+ Kxf8 39.b8=Q+ 1-0

[Event "Jan Macieja Memorial"]
[Site "Warsaw POL"]
[Date "2023.07.10"]
[Round "9.35"]
[White "Bazilius, Augustinas"]
[Black "Wojtas, Jan"]
[Result "1-0"]
[WhiteElo "2050"]
[BlackElo "1297"]
[EventDate "2023.07.10"]
[PlyCount "55"]

1.d4 Nf6 2.c4 e6 3.Nf3 b6 4.a3 Bb7 5.Nc3 Be7 6.d5 O-O 7.e4 d6 8.Bd3 c6 9.O-O 
cxd5 10.cxd5 e5 11.b4 a6 12.Qe2 Nbd7 13.Bd2 g6 14.Bh6 Re8 15.Nd2 Nh5 16.Qe3 Bf8 
17.Bg5 f6 18.Bh4 Nf4 19.Bg3 Bh6 20.Bxf4 Bxf4 21.Qe2 b5 22.g3 Bh6 23.Nb3 Rc8 
24.Qb2 Nb6 25.Na5 Ba8 26.Ne2 Na4 27.Qb3 Rc3 28.Nxc3 1-0

[Event "Jan Macieja Memorial"]
[Site "Warsaw POL"]
[Date "2023.07.10"]
[Round "9.36"]
[White "Bury, Milosz"]
[Black "Syrkiewicz, Michal"]
[Result "1-0"]
[WhiteElo "1651"]
[BlackElo "2009"]
[EventDate "2023.07.10"]
[PlyCount "95"]

1.e4 c5 2.Nf3 e6 3.d4 cxd4 4.Nxd4 a6 5.Nc3 b5 6.Be3 Bb7 7.a3 d6 8.Bd3 Nf6 9.O-O 
Nbd7 10.f3 Be7 11.Kh1 Qc7 12.Qd2 Nb6 13.Rad1 Nfd7 14.Nb3 Rc8 15.f4 Nc4 16.Bxc4 
bxc4 17.Nd4 Nf6 18.f5 e5 19.Nde2 Nxe4 20.Nxe4 Bxe4 21.Nc3 Bb7 22.Nd5 Bxd5 
23.Qxd5 O-O 24.Rf3 Rb8 25.Bc1 Rfd8 26.Qe4 Bf6 27.Rg3 Rb5 28.Qg4 d5 29.Bg5 Qd6 
30.Bh6 Qf8 31.b3 cxb3 32.cxb3 Rb6 33.Rgd3 Rbd6 34.h4 Kh8 35.Bg5 Qe7 36.Bd2 e4 
37.Rg3 d4 38.Bb4 e3 39.Rf3 e2 40.Re1 d3 41.Rxd3 Qd7 42.Rxd6 Qc7 43.Rxd8+ Qxd8 
44.Qxe2 h5 45.Qe8+ Qxe8 46.Rxe8+ Kh7 47.Ra8 Bxh4 48.Rxa6 1-0

[Event "Jan Macieja Memorial"]
[Site "Warsaw POL"]
[Date "2023.07.10"]
[Round "9.37"]
[White "Sliwicki, Damian"]
[Black "Michalska, Aleksandra"]
[Result "1-0"]
[WhiteElo "2005"]
[BlackElo "1730"]
[EventDate "2023.07.10"]
[PlyCount "75"]

1.e4 e5 2.Nf3 Nc6 3.d4 exd4 4.Bc4 Nf6 5.O-O Bc5 6.e5 d5 7.exf6 dxc4 8.fxg7 Rg8 
9.Re1+ Be6 10.Bg5 Qd7 11.Bf6 Be7 12.Bxd4 Nxd4 13.Qxd4 Qxd4 14.Nxd4 Bf6 15.Nxe6 
fxe6 16.c3 a6 17.Nd2 Kf7 18.Nxc4 Rxg7 19.Rad1 Ke7 20.Ne5 Rg5 21.f4 Rf5 22.Rd7+ 
Ke8 23.Rxh7 Rd8 24.Ng6 Rd6 25.g4 Rb5 26.b4 Bxc3 27.Rc1 Bd4+ 28.Kg2 c6 29.g5 
Rxb4 30.Re1 Rb2+ 31.Kh3 Bc3 32.Re7+ Kd8 33.R1xe6 Rd3+ 34.Re3 Rd6 35.f5 Bd2 
36.f6 Bxe3 37.f7 Bxg5 38.f8=Q# 1-0

[Event "Jan Macieja Memorial"]
[Site "Warsaw POL"]
[Date "2023.07.10"]
[Round "9.38"]
[White "Kowalski, Witold"]
[Black "Pires, Emanuel Joao Robarts"]
[Result "0-1"]
[WhiteElo "1466"]
[BlackElo "2005"]
[EventDate "2023.07.10"]
[PlyCount "135"]

1.e4 e6 2.d4 d5 3.Nc3 Nf6 4.Bg5 Be7 5.e5 Nfd7 6.h4 h6 7.Bxe7 Qxe7 8.Nf3 a6 
9.Be2 c5 10.dxc5 Nc6 11.Na4 Nxc5 12.Nxc5 Qxc5 13.c3 b5 14.Qd2 Bb7 15.Qf4 Rd8 
16.Nd4 b4 17.Nxc6 Bxc6 18.Qxb4 Qxb4 19.cxb4 Rb8 20.Bxa6 Rxb4 21.Rc1 Kd7 22.Rc2 
Re4+ 23.Re2 Ra4 24.Bd3 Rxa2 25.O-O Rb8 26.Rb1 Rb3 27.Bc2 Rb4 28.g3 d4 29.Bd3 
Bd5 30.f4 Rb3 31.Rd2 g5 32.hxg5 hxg5 33.Kf2 gxf4 34.gxf4 Ke7 35.Be2 Be4 36.Re1 
Rbxb2 37.Rxd4 Bc6 38.Ke3 Rb3+ 39.Bd3 Raa3 40.Rd1 Bb5 41.Ke4 Bc6+ 42.Ke3 Rb2 
43.Rd2 Rbb3 44.Ke2 Kf8 45.Ke3 Kg7 46.Ke2 Rxd3 47.R2xd3 Bb5 48.Ke3 Bxd3 49.Rxd3 
Ra1 50.Kf3 Kg6 51.Rd7 Rf1+ 52.Ke4 Re1+ 53.Kf3 Ra1 54.Ke4 Ra4+ 55.Kf3 Ra8 56.Kg4 
Rf8 57.Rd6 Rg8 58.f5+ Kh7+ 59.Kf4 Re8 60.fxe6 fxe6 61.Kg5 Rg8+ 62.Kf6 Rg6+ 
63.Ke7 Kg7 64.Rxe6 Rg5 65.Kd6 Kf7 66.Re7+ Kf8 67.Ra7 Rg1 68.Ke6 0-1